Gaming Quiz

Random Gaming or Pokémon Quiz

Keep Calm and Play Video Games Quiz Stats

 Plays Quiz Updated Nov 20, 2017

Also try: Video Game Cakes
Challenge
Share
Tweet
Score 0/25 Timer 06:00
2 Plays Today
% Correct
Super Mario Bros.
99.5%
Sonic the Hedgehog
98%
Pac-Man
98%
Mortal Kombat
84.1%
Halo
81.1%
Pokémon Red and Blue
77.4%
The Legend of Zelda
75.1%
Assassin's Creed
73.4%
Portal 2
72.2%
Angry Birds
70.8%
Space Invaders
70.2%
Mega Man
66.3%
Street Fighter
64.8%
% Correct
Fallout
62.9%
The Elder Scrolls V: Skyrim
58.7%
Half-Life
56.3%
Five Nights at Freddy's
52.7%
Resident Evil
52.3%
Final Fantasy
51.6%
Minecraft
48.9%
Star Fox / Lylat Wars
48.6%
BioShock
47.1%
Super Smash Bros/F-Zero
43.2%
Castlevania
31%
Metal Gear Solid
22.3%

You're not logged in!

Compare scores with friends on all Sporcle quizzes.
OR
Log In

You Might Also Like...

Show Comments

Extras

Top Quizzes Today


Score Distribution

Your Account Isn't Verified!

In order to create a playlist on Sporcle, you need to verify the email address you used during registration. Go to your Sporcle Settings to finish the process.

Report this User

Report this user for behavior that violates our Community Guidelines.

Details: